LEADER 02036oam 2200493M 450 001 9910716322503321 005 20200213070627.3 035 $a(CKB)5470000002520913 035 $a(OCoLC)1066002631 035 $a(OCoLC)995470000002520913 035 $a(EXLCZ)995470000002520913 100 $a20071213d1926 ua 0 101 0 $aeng 135 $aurcn||||||||| 181 $ctxt$2rdacontent 182 $cc$2rdamedia 183 $acr$2rdacarrier 200 10$aAuthorizing the Secretary of the Navy to receive for instruction at the United States Naval Academy at Annapolis Mr. Gustavo Tegera Guevara, a citizen of Venezuela. March 12, 1926. -- Committed to the Committee of the Whole House and ordered to be printed 210 1$a[Washington, D.C.] :$c[U.S. Government Printing Office],$d1926. 215 $a1 online resource (2 pages) 225 1 $aHouse report / 69th Congress, 1st session. House ;$vno. 532 225 1 $a[United States congressional serial set ] ;$v[serial no. 8536] 300 $aBatch processed record: Metadata reviewed, not verified. Some fields updated by batch processes. 300 $aFDLP item number not assigned. 606 $aMilitary education 606 $aStudents, Foreign 606 $aMilitary cadets 606 $aNavies$xOfficers 608 $aLegislative materials.$2lcgft 615 0$aMilitary education. 615 0$aStudents, Foreign. 615 0$aMilitary cadets. 615 0$aNavies$xOfficers. 701 $aStephens$b Ambrose Everett Burnside$f1862-1927$pRepublican (OH)$01389558 801 0$bWYU 801 1$bWYU 801 2$bOCLCO 801 2$bOCLCQ 801 2$bOCLCO 801 2$bOCLCQ 906 $aBOOK 912 $a9910716322503321 996 $aAuthorizing the Secretary of the Navy to receive for instruction at the United States Naval Academy at Annapolis Mr. Gustavo Tegera Guevara, a citizen of Venezuela. March 12, 1926. -- Committed to the Committee of the Whole House and ordered to be printed$93524158 997 $aUNINA LEADER 01511nas 2200337 n 450 001 990008952610403321 005 20240229084345.0 035 $a000895261 035 $aFED01000895261 035 $a(Aleph)000895261FED01 035 $a000895261 091 $2CNR$aPT02319285 100 $a20161109cuuuuuuuukm-y0itaa50------ba 101 0 $afre 102 $aFR 110 $aauu-------- 200 1 $a<>Echange$erevue linneenne: organe des naturalistes de la region lyonnaise 207 1$a0-0 210 $aMoulins$cM.Pic 530 0 $a<>Echange 675 $a500.9 801 0$aIT$bACNP$c20090723 859 4 $uhttp://acnp.cib.unibo.it/cgi-ser/start/it/cnr/dc-p1.tcl?catno=2319285&person=false&language=ITALIANO&libr=&libr_th=unina1$zBiblioteche che possiedono il periodico 901 $aSE 912 $a990008952610403321 958 $aBiblioteca del Dipartimento di Entomologia e Zoologia Agraria dell'Università degli Studi di Napoli Federico II$b1894-1895;1900-1901;1904-1940;$c1894;1895;1939;1940;$fDAGEN 959 $aDAGEN 996 $aEchange$9797923 997 $aUNINA AP1 8 $6866-01$aNA219 Biblioteca del Dipartimento di Entomologia e Zoologia Agraria dell'Università degli Studi di Napoli Federico II$eVia Università, 100, 80055 Portici (NA)$m0812539188$m0817755145$nit AP2 40$aacnp.cib.unibo.it$nACNP Italian Union Catalogue of Serials$uhttp://acnp.cib.unibo.it/cgi-ser/start/it/cnr/df-p.tcl?catno=2319285&language=ITALIANO&libr=&person=&B=1&libr_th=unina&proposto=NO